000 00930cam a22003017a 4500
003 CHAP
005 20220329141648.0
008 971013s1972 r 00010 d
010 _a71823
011 _a72795
035 _a82351
040 _cCHAP
082 _a598.2
_bD3
100 0 0 _aDavis, L. Irby.
_931279
245 2 _aA field guide to the birds of Mexico and Central America
260 _aAustin :
_bUniversity of Texas,
_c1972
300 _a282 p.
_b; láms.
590 _aBATCH-UPD
_b10
_c20130110
_lUCH01
_h0415
590 _aBATCH-UPD
_b10
_c20130110
_lUCH01
_h2220
590 _aBATCH-UPD
_b10
_c20130410
_lUCH01
_h1519
590 _aBATCH-UPD
_b10
_c20130914
_lUCH01
_h0437
590 _aCONVERSION
_b10
_c20130109
_lUCH01
_h1339
650 1 4 _aAves
_xAmerica Central.
_98591
650 1 4 _aAves
_xMéxico.
_98617
901 _aBK
942 _cLIBRO
949 _a598.2 D3
_bBC
_cC
_d33724000516431
_eC
_h41019
_i82351
_si
_t260.00
999 _c71823
_d71823